[Event "Olomouc Chess Summer 2018 - IM 2"]
[Site "Olomouc (CZE)"]
[Date "2018.08.16"]
[Round "7.3"]
[White "Vanek, Ladislav"]
[Black "Richterova, Natasa"]
[Result "1/2-1/2"]
[WhiteElo "2271"]
[BlackElo "2140"]
[PlyCount "81"]
[EventDate "2018.??.??"]

1. d4 d5 2. Nf3 Nf6 3. Bf4 c5 4. e3 Nc6 5. c3 Qb6 6. Qb3 c4 7. Qc2 Bf5 8. Qc1
Nh5 9. Bg3 Nxg3 10. hxg3 Qc7 11. Nbd2 b5 12. Be2 h6 13. Bd1 e6 14. Bc2 Bxc2 15.
Qxc2 b4 16. e4 bxc3 17. bxc3 Be7 18. g4 Rc8 19. g3 g6 20. Kf1 Kf8 21. Kg2 Kg7
22. Nf1 Qa5 23. exd5 exd5 24. Ne3 Rb8 25. Rab1 Rb6 26. Rxb6 axb6 27. Rb1 Ba3
28. Qd2 Rd8 29. Rh1 Rh8 30. Ne5 Ne7 31. g5 h5 32. Qe2 Bd6 33. Qf3 Bxe5 34. dxe5
Qa8 35. Qf6+ Kg8 36. Qxe7 d4+ 37. Kh2 dxe3 38. Rd1 Qf3 39. Rd8+ Kh7 40. Rxh8+
Kxh8 41. fxe3 1/2-1/2

[Event "Olomouc Chess Summer 2018 - IM 2"]
[Site "Olomouc (CZE)"]
[Date "2018.08.16"]
[Round "7.4"]
[White "Jurek, Josef"]
[Black "Cerveny, Petr"]
[Result "0-1"]
[WhiteElo "2253"]
[BlackElo "2314"]
[PlyCount "113"]
[EventDate "2018.??.??"]

1. Nf3 g6 2. d4 Bg7 3. g3 c5 4. c3 Qa5 5. Nbd2 cxd4 6. Nb3 Qd8 7. cxd4 d5 8.
Bg2 Nc6 9. O-O e6 10. Bf4 Nge7 11. Ne5 h6 12. Nxc6 Nxc6 13. Qd2 g5 14. Be3 b6
15. a4 a5 16. Rac1 Qd7 17. Na1 Ne7 18. b3 Nf5 19. Nc2 Ba6 20. b4 axb4 21. Nxb4
Bb7 22. a5 Rxa5 23. Nd3 O-O 24. Nc5 Qe7 25. Nxb7 Qxb7 26. g4 Nxe3 27. fxe3 Qa6
28. Rc2 Ra1 29. Rxa1 Qxa1+ 30. Bf1 Qa5 31. Qxa5 bxa5 32. Ra2 Ra8 33. Ra4 Kf8
34. Bg2 Ke7 35. e4 dxe4 36. Bxe4 Ra7 37. Kf2 Kd6 38. e3 Kc7 39. Ke2 Kb6 40. Kd3
Bf8 41. Rc4 a4 42. Rc6+ Kb5 43. Rc8 Bd6 44. Kc3 a3 45. Ra8 Rxa8 46. Bxa8 Bxh2
47. d5 exd5 48. Bxd5 f5 49. gxf5 Kc5 50. Bf3 Be5+ 51. Kb3 Bb2 52. e4 Kd6 53. f6
Bxf6 54. Kxa3 Ke5 55. Kb3 Kf4 56. e5 Bxe5 57. Bc6 0-1

[Event "Olomouc Chess Summer 2018 - IM 2"]
[Site "Olomouc (CZE)"]
[Date "2018.08.16"]
[Round "7.5"]
[White "Yagupov, Igor"]
[Black "Ptacnikova, Lenka"]
[Result "1/2-1/2"]
[WhiteElo "2405"]
[BlackElo "2247"]
[PlyCount "120"]
[EventDate "2018.??.??"]

1. e4 c5 2. Nf3 e6 3. d4 cxd4 4. Nxd4 a6 5. c4 Nf6 6. Nc3 Qc7 7. Be2 Bb4 8. Qd3
Nc6 9. Nc2 Be7 10. f4 d6 11. O-O O-O 12. Be3 b6 13. Rac1 Bb7 14. Rfd1 Rfd8 15.
Bf3 Rac8 16. Na4 Nd7 17. b4 Bf8 18. a3 g6 19. Na1 a5 20. Qd2 axb4 21. axb4 e5
22. Nc3 exf4 23. Bxf4 Nce5 24. Nb5 Nxf3+ 25. gxf3 Ne5 26. Bxe5 dxe5 27. Nxc7
Rxd2 28. Rxd2 Bh6 29. Nb3 Bxd2 30. Nxd2 Rxc7 31. Kf2 f5 32. Ra1 Kf7 33. Ra7 Ke7
34. c5 bxc5 35. bxc5 Kd8 36. Ke3 f4+ 37. Ke2 Kc8 38. Nc4 Rxc5 39. Nd6+ Kc7 40.
Nxb7 Rb5 41. Na5+ Kb6 42. Rxh7 Rxa5 43. h4 Kc5 44. Rc7+ Kd4 45. Rd7+ Kc4 46.
Rd6 Ra2+ 47. Kf1 Rh2 48. Rd5 Rxh4 49. Rxe5 Kd4 50. Rd5+ Ke3 51. Kg2 Rh8 52. Ra5
g5 53. Ra1 Rh7 54. Ra4 g4 55. Ra3+ Ke2 56. Ra2+ Ke3 57. fxg4 Rh4 58. Ra3+ Kxe4
59. Ra4+ Ke3 60. Ra3+ Ke4 1/2-1/2

[Event "Olomouc Chess Summer 2018 - IM 2"]
[Site "Olomouc (CZE)"]
[Date "2018.08.17"]
[Round "8.1"]
[White "Murdzia, Piotr"]
[Black "Ptacnikova, Lenka"]
[Result "1-0"]
[WhiteElo "2400"]
[BlackElo "2247"]
[PlyCount "65"]
[EventDate "2018.??.??"]

1. d4 Nf6 2. c4 e6 3. Nf3 Bb4+ 4. Nbd2 O-O 5. a3 Be7 6. e4 d5 7. e5 Nfd7 8. Bd3
Re8 9. Qc2 Nf8 10. O-O Nbd7 11. b4 dxc4 12. Nxc4 Nb6 13. Na5 a6 14. Bd2 c6 15.
Rfe1 Nd5 16. Rac1 Qc7 17. Ng5 g6 18. Qd1 f6 19. exf6 Bxf6 20. Nf3 Bd7 21. Bg5
Bxg5 22. Nxg5 b6 23. Nc4 Qf4 24. Ne4 a5 25. g3 Qh6 26. bxa5 b5 27. Nb6 Nxb6 28.
Nf6+ Kf7 29. Qf3 Kg7 30. Nxe8+ Bxe8 31. axb6 Rb8 32. Be4 Rxb6 33. Bxc6 1-0

[Event "Olomouc Chess Summer 2018 - IM 2"]
[Site "Olomouc (CZE)"]
[Date "2018.08.17"]
[Round "8.2"]
[White "Cerveny, Petr"]
[Black "Yagupov, Igor"]
[Result "1/2-1/2"]
[WhiteElo "2314"]
[BlackElo "2405"]
[PlyCount "58"]
[EventDate "2018.??.??"]

1. e4 c5 2. Nf3 e6 3. b3 Nc6 4. Bb2 a6 5. c4 d5 6. exd5 exd5 7. cxd5 Nb4 8. Be2
Nxd5 9. O-O Ngf6 10. d4 Be7 11. dxc5 Bxc5 12. Nc3 O-O 13. Nxd5 Qxd5 14. Rc1
Qxd1 15. Rfxd1 b6 16. Ng5 Bf5 17. Kf1 Ne4 18. Nxe4 Bxe4 19. b4 Be7 20. Rc7 Rae8
21. Bxa6 Bxb4 22. Bb5 Rd8 23. Rd4 Rxd4 24. Bxd4 Rd8 25. Rd7 Bd3+ 26. Kg1 Rxd7
27. Bxd7 b5 28. a4 bxa4 29. Bxa4 Bc4 1/2-1/2

[Event "Olomouc Chess Summer 2018 - IM 2"]
[Site "Olomouc (CZE)"]
[Date "2018.08.17"]
[Round "8.3"]
[White "Richterova, Natasa"]
[Black "Jurek, Josef"]
[Result "1/2-1/2"]
[WhiteElo "2140"]
[BlackElo "2253"]
[PlyCount "23"]
[EventDate "2018.??.??"]

1. e4 c5 2. Nf3 Nf6 3. e5 Nd5 4. g3 Nc6 5. Bg2 g6 6. O-O Bg7 7. Re1 O-O 8. d4
cxd4 9. Nxd4 e6 10. Nxc6 bxc6 11. c4 Nb6 12. Na3 1/2-1/2

[Event "Olomouc Chess Summer 2018 - IM 2"]
[Site "Olomouc (CZE)"]
[Date "2018.08.17"]
[Round "8.4"]
[White "Mullick, Raahil"]
[Black "Vanek, Ladislav"]
[Result "1-0"]
[WhiteElo "2201"]
[BlackElo "2271"]
[PlyCount "55"]
[EventDate "2018.??.??"]

1. e4 c5 2. Nf3 d6 3. d4 cxd4 4. Nxd4 Nf6 5. Nc3 a6 6. Be3 e5 7. Nb3 Be6 8. f3
Be7 9. Qd2 O-O 10. O-O-O Nbd7 11. g4 b5 12. g5 b4 13. Ne2 Ne8 14. f4 a5 15. f5
a4 16. Nbd4 exd4 17. Nxd4 b3 18. Kb1 bxc2+ 19. Nxc2 Bb3 20. axb3 axb3 21. Na3
Ra4 22. Bb5 Rxe4 23. f6 gxf6 24. gxf6 Ndxf6 25. Bh6 d5 26. Bxe8 Nxe8 27. Rhg1+
Kh8 28. Qg2 1-0

[Event "Olomouc Chess Summer 2018 - IM 2"]
[Site "Olomouc (CZE)"]
[Date "2018.08.17"]
[Round "8.5"]
[White "Houska, Jiri"]
[Black "Wiley, Thomas"]
[Result "0-1"]
[WhiteElo "2203"]
[BlackElo "2207"]
[PlyCount "124"]
[EventDate "2018.??.??"]

1. e4 e6 2. d4 d5 3. Nd2 Nf6 4. e5 Nfd7 5. Bd3 c5 6. c3 Nc6 7. Ngf3 h6 8. O-O
g5 9. h3 h5 10. g4 hxg4 11. hxg4 Qb6 12. dxc5 Qc7 13. Re1 Ndxe5 14. Nxe5 Nxe5
15. Nf3 Nxd3 16. Qxd3 Bxc5 17. Be3 Bxe3 18. Rxe3 Qf4 19. Ne5 Bd7 20. Rd1 O-O-O
21. Qd4 Qxd4 22. cxd4 Rh7 23. Rc1+ Kb8 24. Rf3 Be8 25. Rf6 Rc8 26. Rxc8+ Kxc8
27. Nf3 Rg7 28. Rh6 Kd8 29. Kg2 Ke7 30. Rh1 f6 31. Rc1 Bc6 32. Kg3 Rh7 33. a3
Kd6 34. Re1 Be8 35. Nd2 Bg6 36. Rc1 Rc7 37. Rxc7 Kxc7 38. f4 gxf4+ 39. Kxf4 Kd6
40. Ke3 Bc2 41. Nf1 Bd1 42. Nh2 e5 43. Kd2 Ba4 44. g5 fxg5 45. Nf3 exd4 46.
Nxg5 Kc5 47. Nf3 Kc4 48. Kc1 Kd3 49. Nd2 Bd7 50. Nf3 Bf5 51. Nd2 Bg6 52. Nf3
Be4 53. Nd2 Ke2 54. Nb3 d3 55. Nd2 Bg6 56. Nb1 Be8 57. Nd2 a5 58. b3 a4 59.
bxa4 Bxa4 60. Nb1 Bc2 61. Nc3+ Ke1 62. Nxd5 d2+ 0-1

[Event "Olomouc Chess Summer 2018 - IM 2"]
[Site "Olomouc (CZE)"]
[Date "2018.08.18"]
[Round "9.1"]
[White "Wiley, Thomas"]
[Black "Murdzia, Piotr"]
[Result "0-1"]
[WhiteElo "2207"]
[BlackElo "2400"]
[PlyCount "62"]
[EventDate "2018.??.??"]

1. Nf3 Nf6 2. g3 d5 3. Bg2 c6 4. b3 Bg4 5. Bb2 Nbd7 6. d4 e6 7. Nbd2 a5 8. a4
Bb4 9. O-O O-O 10. h3 Bh5 11. g4 Bg6 12. Nh4 Re8 13. Nxg6 hxg6 14. f4 Nb6 15.
e3 Nc8 16. c3 Bf8 17. Ba3 Bxa3 18. Rxa3 Qb6 19. g5 Nd7 20. h4 Nd6 21. Kf2 Nf5
22. Rh1 c5 23. Ra1 cxd4 24. cxd4 Rac8 25. Rc1 Rxc1 26. Qxc1 e5 27. Nf3 exd4 28.
exd4 Nxd4 29. Nxd4 Qxd4+ 30. Kg3 Re3+ 31. Bf3 Nc5 0-1

[Event "Olomouc Chess Summer 2018 - IM 2"]
[Site "Olomouc (CZE)"]
[Date "2018.08.18"]
[Round "9.2"]
[White "Vanek, Ladislav"]
[Black "Houska, Jiri"]
[Result "1-0"]
[WhiteElo "2271"]
[BlackElo "2203"]
[PlyCount "129"]
[EventDate "2018.??.??"]

1. d4 Nf6 2. c4 g6 3. Nc3 d5 4. cxd5 Nxd5 5. e4 Nxc3 6. bxc3 Bg7 7. Bc4 O-O 8.
Ne2 c5 9. O-O Qc7 10. Bf4 e5 11. dxe5 Bxe5 12. Bxe5 Qxe5 13. Bd5 Qc7 14. Rb1
Nd7 15. Qd2 Nf6 16. c4 Rb8 17. Nc3 b6 18. f4 Bb7 19. e5 Nxd5 20. cxd5 Rbd8 21.
Rbd1 c4 22. Qd4 Qc5 23. Qxc5 bxc5 24. Ne4 Kg7 25. Nf6 Rd6 26. exd6 Kxf6 27.
Rfe1 c3 28. Rc1 Bxd5 29. Rxc3 Bxa2 30. Rxc5 Rd8 31. Rd1 a6 32. Rd2 Bb3 33. g4
Ke6 34. Rd3 Ba2 35. d7 Ke7 36. Re5+ Kf8 37. g5 Be6 38. Rd6 Kg7 39. Kf2 a5 40.
Rxa5 Rxd7 41. Rxd7 Bxd7 42. Ke3 h6 43. gxh6+ Kxh6 44. Kd4 Be6 45. Ke5 Kg7 46.
Ra7 Bg4 47. Re7 Bc8 48. h4 Bg4 49. Rc7 Bd1 50. Rc1 Bb3 51. Rg1 Kh6 52. Rg5 Kg7
53. Rg3 Bc2 54. Rg2 Bf5 55. h5 Bd3 56. hxg6 fxg6 57. Rb2 Bf5 58. Rb7+ Kh6 59.
Kf6 Kh5 60. Rb2 Kg4 61. Ke5 Kf3 62. Rb4 Kg4 63. Kf6 Kh4 64. Rb5 Kg4 65. Rxf5
1-0

[Event "Olomouc Chess Summer 2018 - IM 2"]
[Site "Olomouc (CZE)"]
[Date "2018.08.18"]
[Round "9.3"]
[White "Jurek, Josef"]
[Black "Mullick, Raahil"]
[Result "1-0"]
[WhiteElo "2253"]
[BlackElo "2201"]
[PlyCount "69"]
[EventDate "2018.??.??"]

1. d4 d5 2. c4 c6 3. cxd5 cxd5 4. Bg5 Nf6 5. Bxf6 exf6 6. Nc3 Nc6 7. e3 Be6 8.
Nge2 Qb6 9. g3 Be7 10. Bg2 Rd8 11. Qd2 Na5 12. b3 O-O 13. O-O Bb4 14. Qd3 Rd7
15. Rac1 Ba3 16. Rc2 Nc6 17. Qb5 Qxb5 18. Nxb5 Bb4 19. a3 Be7 20. b4 a5 21.
bxa5 Nxa5 22. Rc3 Nc4 23. Rfc1 Ra8 24. Nf4 Ra5 25. a4 Rxa4 26. e4 dxe4 27. Nxe6
fxe6 28. Rxc4 Ra5 29. Nc7 b5 30. Rc6 Rxd4 31. Rxe6 Kf7 32. Rxe4 Rxe4 33. Bxe4
b4 34. Bd5+ Kg6 35. Bb3 1-0

[Event "Olomouc Chess Summer 2018 - IM 2"]
[Site "Olomouc (CZE)"]
[Date "2018.08.18"]
[Round "9.4"]
[White "Yagupov, Igor"]
[Black "Richterova, Natasa"]
[Result "1-0"]
[WhiteElo "2405"]
[BlackElo "2140"]
[PlyCount "69"]
[EventDate "2018.??.??"]

1. e4 e5 2. Nf3 Nc6 3. Bb5 a6 4. Ba4 Nf6 5. O-O Be7 6. Re1 b5 7. Bb3 d6 8. c3
O-O 9. h3 Na5 10. Bc2 c5 11. d4 Nd7 12. Nbd2 exd4 13. cxd4 Nc6 14. d5 Nce5 15.
a4 b4 16. Nxe5 Nxe5 17. f4 Ng6 18. Nc4 Bh4 19. Rf1 Bf6 20. e5 dxe5 21. Bxg6
hxg6 22. fxe5 Bg5 23. Qf3 Bxc1 24. Raxc1 Rb8 25. Nd6 Qe7 26. Qf4 g5 27. Qg3 Bd7
28. b3 Rb6 29. Ne4 Re8 30. Nxc5 g4 31. d6 Qd8 32. Nxd7 Qxd7 33. Rc7 Qe6 34.
Rfxf7 Qxe5 35. Rxg7+ 1-0

[Event "Olomouc Chess Summer 2018 - IM 2"]
[Site "Olomouc (CZE)"]
[Date "2018.08.18"]
[Round "9.5"]
[White "Ptacnikova, Lenka"]
[Black "Cerveny, Petr"]
[Result "0-1"]
[WhiteElo "2247"]
[BlackElo "2314"]
[PlyCount "58"]
[EventDate "2018.??.??"]

1. Nf3 d6 2. d4 Nf6 3. g3 g6 4. Bg2 Bg7 5. O-O O-O 6. c4 Nc6 7. Nc3 a6 8. e4
Bg4 9. h3 Bxf3 10. Bxf3 Nd7 11. Be3 e5 12. d5 Nd4 13. Bg2 c5 14. f4 exf4 15.
gxf4 f5 16. Qd3 Qh4 17. Bxd4 cxd4 18. Ne2 Nc5 19. Qg3 Qe7 20. Rad1 d3 21. Nc3
Bxc3 22. bxc3 fxe4 23. Rde1 Rae8 24. Re3 Qf6 25. Qe1 Re7 26. h4 Kh8 27. Kh2 b5
28. cxb5 axb5 29. h5 gxh5 0-1

[Event "Olomouc Chess Summer 2018 - open"]
[Site "Olomouc (CZE)"]
[Date "2018.08.11"]
[Round "1.1"]
[White "Ochman, Tomas"]
[Black "Bronowicki, Mateusz"]
[Result "1/2-1/2"]
[WhiteElo "1848"]
[BlackElo "2280"]
[PlyCount "116"]
[EventDate "2018.??.??"]

1. Nf3 e6 2. c4 b6 3. e3 Bb7 4. b3 Nf6 5. Bb2 Be7 6. Be2 O-O 7. O-O d5 8. d4
dxc4 9. bxc4 c5 10. Nbd2 Nbd7 11. Qb3 Qc7 12. Ne5 Nxe5 13. dxe5 Ne4 14. Rad1
Rfd8 15. Qc2 Nxd2 16. Rxd2 Rxd2 17. Qxd2 Rd8 18. Qc2 Rd7 19. Rd1 Bc6 20. Rxd7
Qxd7 21. Qd3 Qb7 22. f3 a6 23. Kf2 b5 24. Bd1 b4 25. Bc2 g6 26. e4 a5 27. f4 a4
28. f5 a3 29. Bc1 exf5 30. exf5 Bxg2 31. Bh6 Bh4+ 32. Kg1 Qf3 33. Qxf3 Bxf3 34.
Be3 gxf5 35. Bxc5 Be1 36. Bxf5 Be2 37. e6 Bxc4 38. e7 Bb5 39. Bd3 Bc6 40. Be4
Bb5 41. Bd3 Bc6 42. Be4 Bd7 43. Kg2 Bc3 44. Bd5 Kg7 45. Kf3 f5 46. Ke3 Kf6 47.
Kd3 Be8 48. Kc4 Ke5 49. Bg8 Kf6 50. Bd5 h5 51. h4 Bf7 52. e8=Q Bxe8 53. Bxb4
Bxb4 54. Kxb4 Ke5 55. Bb7 Kd4 56. Kxa3 Kc3 57. Bc6 Bf7 58. Be8 Bxe8 1/2-1/2

[Event "Olomouc Chess Summer 2018 - open"]
[Site "Olomouc (CZE)"]
[Date "2018.08.11"]
[Round "1.2"]
[White "Bugalski, Michal"]
[Black "Hejnar, Petr"]
[Result "1-0"]
[WhiteElo "2263"]
[BlackElo "1846"]
[PlyCount "91"]
[EventDate "2018.??.??"]

1. e4 e6 2. d4 d5 3. Nd2 c5 4. exd5 exd5 5. Ngf3 Nf6 6. Bb5+ Nc6 7. O-O Bg4 8.
Re1+ Be7 9. dxc5 O-O 10. Bxc6 bxc6 11. Nb3 Ne4 12. Qd4 Bxf3 13. gxf3 Ng5 14.
Bxg5 Bxg5 15. Rad1 Qc7 16. Qe5 Qxe5 17. Rxe5 Bf6 18. Re2 Bxb2 19. c4 dxc4 20.
Rxb2 cxb3 21. Rxb3 Rfe8 22. Rb7 Re5 23. Rxa7 Rae8 24. Rc1 g6 25. Rc7 Re2 26.
Rxc6 Rxa2 27. Rd6 Ree2 28. c6 Rac2 29. Rxc2 Rxc2 30. Kg2 Kf8 31. Kg3 Ke7 32.
Rd7+ Ke6 33. Rc7 Rc4 34. f4 h6 35. f5+ gxf5 36. Rc8 Kf6 37. Kf3 Ke5 38. Ke3 f4+
39. Kf3 f5 40. c7 Rc3+ 41. Kg2 f3+ 42. Kg3 f4+ 43. Kg4 Ke6 44. Kxf4 Kd7 45. Rh8
Kxc7 46. Rxh6 1-0

[Event "Olomouc Chess Summer 2018 - open"]
[Site "Olomouc (CZE)"]
[Date "2018.08.11"]
[Round "1.3"]
[White "Jedynak, January"]
[Black "Stigar, Petter"]
[Result "0-1"]
[WhiteElo "1827"]
[BlackElo "2217"]
[PlyCount "122"]
[EventDate "2018.??.??"]

1. e4 e6 2. d4 d5 3. e5 c5 4. c3 Nc6 5. Nf3 Bd7 6. Be2 Nge7 7. O-O cxd4 8. cxd4
Nf5 9. Nc3 a6 10. a3 Rc8 11. Bg5 Qb6 12. Na4 Qa7 13. Be3 b5 14. Nc3 Be7 15. Qd2
O-O 16. b4 f6 17. exf6 Bxf6 18. Rfd1 Nd8 19. a4 Qb7 20. axb5 axb5 21. Ra5 Nd6
22. Rda1 Nc6 23. Ra6 Ra8 24. Rxa8 Rxa8 25. Rxa8+ Qxa8 26. Nxb5 Ne4 27. Qb2 Qa4
28. Nc3 Nxc3 29. Qxc3 Qxb4 30. Qxb4 Nxb4 31. Bg5 Be8 32. Be3 Bh5 33. h3 Bxf3
34. Bxf3 Nc6 35. Be2 Bxd4 36. Bb5 Bxe3 37. Bxc6 Bb6 38. Kf1 Kf7 39. Ke2 Kf6 40.
f4 g5 41. fxg5+ Kxg5 42. Kf3 h6 43. g3 Ba5 44. h4+ Kf6 45. Bb7 Be1 46. h5 Bd2
47. g4 Bg5 48. Ba6 e5 49. Bd3 Ke6 50. Bf5+ Kd6 51. Ke2 e4 52. Bc8 d4 53. Bb7
d3+ 54. Kd1 e3 55. Bf3 Ke5 56. Ke1 Kf4 57. Bd1 Bf6 58. Kf1 Bc3 59. g5 hxg5 60.
h6 g4 61. h7 Kg3 0-1

[Event "Olomouc Chess Summer 2018 - open"]
[Site "Olomouc (CZE)"]
[Date "2018.08.11"]
[Round "1.4"]
[White "Kula, Dominik"]
[Black "Effenberger, Adam"]
[Result "1-0"]
[WhiteElo "2201"]
[BlackElo "1815"]
[PlyCount "83"]
[EventDate "2018.??.??"]

1. e4 e5 2. Nf3 Nc6 3. Bc4 Nf6 4. d3 Bc5 5. a3 d6 6. h3 Be6 7. Bxe6 fxe6 8. b4
Bb6 9. Nbd2 O-O 10. Nc4 Qe8 11. Nxb6 axb6 12. c3 b5 13. O-O Ra4 14. Re1 Nh5 15.
c4 Nxb4 16. cxb5 Qxb5 17. Rb1 Qxd3 18. Rxb4 Qxd1 19. Rxd1 Rxb4 20. axb4 h6 21.
Bb2 Ra8 22. Ra1 Rxa1+ 23. Bxa1 Kf7 24. g3 Nf6 25. Nd2 Ke7 26. Kf1 h5 27. Ke2 g6
28. Ke3 b5 29. Nb3 c6 30. Kd3 Nd7 31. Na5 Nb8 32. Bc3 Kd7 33. f3 Kc7 34. Nb3
Nd7 35. Ke3 Kd8 36. f4 exf4+ 37. Kxf4 Ke7 38. Kg5 Kf7 39. Na5 c5 40. Nb7 cxb4
41. Nxd6+ Ke7 42. Bxb4 1-0

[Event "Olomouc Chess Summer 2018 - open"]
[Site "Olomouc (CZE)"]
[Date "2018.08.11"]
[Round "1.5"]
[White "Gorsic, Jure"]
[Black "Volodin, Viktor"]
[Result "0-1"]
[WhiteElo "1800"]
[BlackElo "2186"]
[PlyCount "34"]
[EventDate "2018.??.??"]

1. c4 e6 2. g3 d5 3. Bg2 dxc4 4. Qa4+ Nd7 5. Qxc4 a6 6. e4 b5 7. Qe2 Ne5 8. Bf1
Bb7 9. f4 Nc6 10. Nf3 Nd4 11. Nxd4 Qxd4 12. d3 Bb4+ 13. Nd2 Nf6 14. Rb1 O-O-O
15. Qf2 Qxf2+ 16. Kxf2 Bxd2 17. Bxd2 Nxe4+ 0-1

[Event "Olomouc Chess Summer 2018 - open"]
[Site "Olomouc (CZE)"]
[Date "2018.08.11"]
[Round "1.6"]
[White "Cagasik, Tomas"]
[Black "Szotkowski, David"]
[Result "1-0"]
[WhiteElo "2180"]
[BlackElo "1799"]
[PlyCount "71"]
[EventDate "2018.08.11"]

1. c4 Nf6 2. d4 c5 3. d5 b5 4. cxb5 a6 5. bxa6 g6 6. Nc3 Bxa6 7. Nf3 Bg7 8. e4
Bxf1 9. Kxf1 d6 10. g3 O-O 11. Kg2 Nbd7 12. Re1 Ra6 13. Qc2 Qa8 14. b3 e6 15.
dxe6 fxe6 16. Bb2 d5 17. exd5 exd5 18. Re7 d4 19. Ne4 Nxe4 20. Qxe4 Qxe4 21.
Rxe4 Raf6 22. Rf4 Rxf4 23. gxf4 Rxf4 24. Re1 Nf6 25. Ba3 Ne4 26. Bc1 Rg4+ 27.
Kf1 Nc3 28. Bd2 Ne4 29. Bc1 Nc3 30. a4 d3 31. a5 Bf6 32. a6 Nb5 33. Bd2 c4 34.
h3 c3 35. hxg4 cxd2 36. Nxd2 1-0

[Event "Olomouc Chess Summer 2018 - open"]
[Site "Olomouc (CZE)"]
[Date "2018.08.11"]
[Round "1.7"]
[White "Pecnik, Primoz"]
[Black "Frugoli, Francesco"]
[Result "0-1"]
[WhiteElo "1794"]
[BlackElo "2178"]
[PlyCount "78"]
[EventDate "2018.08.11"]

1. e4 e5 2. Nc3 Nf6 3. g3 Nc6 4. Bg2 Bc5 5. Nge2 O-O 6. O-O d6 7. Na4 Bb6 8.
Nxb6 axb6 9. d4 Bg4 10. d5 Ne7 11. Qd3 Nd7 12. b4 f5 13. f4 Ng6 14. c4 exf4 15.
Nxf4 Nde5 16. Qc2 fxe4 17. Bxe4 Qe8 18. Bd2 Ra3 19. Nxg6 hxg6 20. Rxf8+ Qxf8
21. Bf4 Qf6 22. Rf1 Bh3 23. Bg2 Bf5 24. Be4 Nf3+ 25. Kg2 Nd4 26. Qb1 Bxe4+ 27.
Qxe4 Rxa2+ 28. Rf2 Rxf2+ 29. Kxf2 Nf5 30. Kg2 Kh7 31. h4 Qb2+ 32. Kh3 Qf6 33.
Bg5 Qa1 34. Kg4 Qd1+ 35. Kh3 Qf1+ 36. Kg4 Nd4 37. Bf4 Qxc4 38. Kg5 Qc2 39. Qxd4
Qf5# 0-1

[Event "Olomouc Chess Summer 2018 - open"]
[Site "Olomouc (CZE)"]
[Date "2018.08.11"]
[Round "1.8"]
[White "Zielinski, Wojciech"]
[Black "Hertle, Philipp"]
[Result "1-0"]
[WhiteElo "2157"]
[BlackElo "1784"]
[PlyCount "87"]
[EventDate "2018.08.11"]

1. e4 e6 2. d4 d5 3. Nd2 Nc6 4. c3 e5 5. dxe5 Nxe5 6. Ngf3 Bg4 7. Be2 Nxf3+ 8.
Nxf3 Nf6 9. e5 Ne4 10. h3 Be6 11. Be3 Be7 12. O-O O-O 13. Nd2 f5 14. exf6 Nxf6
15. Bf3 Qd7 16. Nb3 b6 17. Nd4 Bf7 18. Qd3 Bg6 19. Qb5 Qd6 20. Qc6 a6 21. Rad1
Qxc6 22. Nxc6 Bd6 23. Bg5 Bc2 24. Rd2 Be4 25. Bd1 h6 26. Be3 Rae8 27. Bb3 Kh8
28. Re1 Bf5 29. Red1 Bd7 30. Nb4 Bxb4 31. cxb4 Bc6 32. Rc2 Ba8 33. Rxc7 Re4 34.
Bxb6 Re2 35. Bd4 Ne8 36. Ra7 Nf6 37. Bxf6 gxf6 38. Bxd5 Bxd5 39. Rxd5 Rxb2 40.
Rdd7 Rc8 41. Rxa6 Rxb4 42. Rxf6 Ra4 43. Rxh6+ Kg8 44. Rhh7 1-0

[Event "Olomouc Chess Summer 2018 - open"]
[Site "Olomouc (CZE)"]
[Date "2018.08.11"]
[Round "1.9"]
[White "Hornak, Pavol"]
[Black "Kubicki, Marek"]
[Result "0-1"]
[WhiteElo "1781"]
[BlackElo "2124"]
[PlyCount "62"]
[EventDate "2018.08.11"]

1. d4 d5 2. c4 e6 3. Nf3 Nf6 4. g3 c6 5. Bg2 Nbd7 6. b3 Bd6 7. O-O Ne4 8. Bb2
O-O 9. Nc3 f5 10. e3 b6 11. Rc1 Nxc3 12. Bxc3 Ba3 13. Rb1 a5 14. Bb2 Bd6 15.
Qc2 Ba6 16. Rfc1 dxc4 17. bxc4 Rc8 18. Qb3 Qe7 19. a4 Kh8 20. Bf1 c5 21. Ba3
Bb7 22. Bg2 Be4 23. Rb2 cxd4 24. Bxd6 Qxd6 25. Nxd4 Bxg2 26. Kxg2 e5 27. Nb5
Qh6 28. Rd1 Nc5 29. Qa2 f4 30. Nd6 f3+ 31. Kg1 Qh3 0-1

[Event "Olomouc Chess Summer 2018 - open"]
[Site "Olomouc (CZE)"]
[Date "2018.08.11"]
[Round "1.10"]
[White "Matousek, Petr"]
[Black "Smajzrova, Veronika"]
[Result "1-0"]
[WhiteElo "2123"]
[BlackElo "1780"]
[PlyCount "67"]
[EventDate "2018.08.11"]

1. e4 c5 2. Nc3 Nc6 3. g3 g6 4. Bg2 Bg7 5. d3 e6 6. Be3 d6 7. Qd2 Nge7 8. Bh6
O-O 9. h4 f5 10. h5 Rf7 11. hxg6 hxg6 12. Bxg7 Rxg7 13. Qh6 Kf7 14. Nf3 Qf8 15.
Nb5 Ng8 16. Qh8 Ke8 17. Nxd6+ Kd7 18. Nc4 Qe7 19. O-O-O Nf6 20. exf5 gxf5 21.
Nfe5+ Nxe5 22. Nxe5+ Kc7 23. Qh6 Bd7 24. Nc4 Nd5 25. Bxd5 exd5 26. Qf4+ Kd8 27.
Rde1 Qf7 28. Rh8+ Rg8 29. Nd6 Qg7 30. Nxb7+ Kc8 31. Rxg8+ Qxg8 32. Nxc5 Rb8 33.
Nxd7 Kxd7 34. Qxf5+ 1-0

[Event "Olomouc Chess Summer 2018 - open"]
[Site "Olomouc (CZE)"]
[Date "2018.08.12"]
[Round "2.1"]
[White "Budnik, Mateusz"]
[Black "Bugalski, Michal"]
[Result "1/2-1/2"]
[WhiteElo "2003"]
[BlackElo "2263"]
[PlyCount "130"]
[EventDate "2018.??.??"]

1. e4 e6 2. d4 d5 3. e5 c5 4. c3 Qb6 5. Nf3 Bd7 6. a3 Bb5 7. Bxb5+ Qxb5 8. Nbd2
cxd4 9. Nxd4 Qb6 10. f4 Nc6 11. N2f3 Nh6 12. O-O Bc5 13. Qd3 O-O 14. Kh1 Bxd4
15. cxd4 Nf5 16. Be3 f6 17. Bg1 Rac8 18. b4 a6 19. Rae1 fxe5 20. dxe5 Qb5 21.
Qb1 h6 22. Bc5 Rf7 23. g4 Nfe7 24. Nh4 Qc4 25. Ng2 d4 26. Qe4 Nd5 27. f5 Nc3
28. Qf4 Qd5 29. Qf3 Qxf3 30. Rxf3 Rd8 31. Bxd4 Rxd4 32. Rxc3 Rxg4 33. fxe6 Re7
34. Ne3 Re4 35. Nc2 Rxe1+ 36. Nxe1 Nxe5 37. Re3 Nc6 38. Nd3 Nd8 39. Nc5 g6 40.
Kg2 Kg7 41. Kg3 g5 42. h4 gxh4+ 43. Kxh4 Kf6 44. Rf3+ Ke5 45. Re3+ Kd6 46. Rd3+
Kc7 47. Re3 Kc6 48. Kg4 b6 49. Nxa6 Nxe6 50. a4 Kd5 51. b5 Rf7 52. Nb4+ Kd6 53.
Rd3+ Kc5 54. Na6+ Kc4 55. Rd6 h5+ 56. Kxh5 Nf4+ 57. Kg4 Nd5 58. Kh5 Rb7 59. Kg4
Rf7 60. Kg3 Rb7 61. Kf3 Nc3 62. Rc6+ Kd4 63. Nc7 Nxa4 64. Ne6+ Kd5 65. Nc7+ Kd4
1/2-1/2

[Event "Olomouc Chess Summer 2018 - open"]
[Site "Olomouc (CZE)"]
[Date "2018.08.12"]
[Round "2.2"]
[White "Stigar, Petter"]
[Black "Schmuki, Roman"]
[Result "1/2-1/2"]
[WhiteElo "2217"]
[BlackElo "2009"]
[PlyCount "82"]
[EventDate "2018.??.??"]

1. Nf3 Nf6 2. c4 e6 3. g3 d5 4. Bg2 dxc4 5. Qa4+ Nbd7 6. Qxc4 c5 7. Qb3 Bd6 8.
O-O O-O 9. d3 Qe7 10. Nc3 a6 11. a4 h6 12. a5 Nb8 13. Nd2 Nc6 14. Bxc6 bxc6 15.
Nc4 Rb8 16. Qa3 Bc7 17. Be3 Nd7 18. Qa4 Rb5 19. Qc2 e5 20. Nxb5 cxb5 21. Nb6
Bxb6 22. axb6 Bb7 23. Rfc1 Rc8 24. Ra3 b4 25. Ra5 e4 26. dxe4 Bxe4 27. Qc4 Bb7
28. Qh4 Qe5 29. Qg4 f5 30. Qc4+ Kh7 31. Qc2 Qd5 32. f3 Re8 33. Bf2 Re5 34. Kf1
Qe6 35. Rd1 b3 36. Qd2 Nxb6 37. Rxc5 Nc4 38. Rxc4 Qxc4 39. Bd4 Rd5 40. Kf2 Qc2
41. Ke3 Qc6 1/2-1/2

[Event "Olomouc Chess Summer 2018 - open"]
[Site "Olomouc (CZE)"]
[Date "2018.08.12"]
[Round "2.3"]
[White "Nosek, Jan"]
[Black "Kula, Dominik"]
[Result "0-1"]
[WhiteElo "1987"]
[BlackElo "2201"]
[PlyCount "68"]
[EventDate "2018.??.??"]

1. e4 e5 2. Nf3 Nc6 3. Bb5 a6 4. Ba4 Nf6 5. O-O b5 6. Bb3 Be7 7. Re1 O-O 8. c3
d5 9. exd5 Nxd5 10. Nxe5 Nxe5 11. Rxe5 c6 12. d4 Bd6 13. Re1 Qh4 14. g3 Qh3 15.
Be3 Bg4 16. Qd3 f5 17. Qf1 Qh5 18. f4 Rae8 19. Nd2 Kh8 20. Bxd5 cxd5 21. a4 g5
22. axb5 axb5 23. Qf2 h6 24. Ra6 Bb8 25. Nf1 Re4 26. Nd2 gxf4 27. gxf4 Bh3 28.
Nf1 Bxf1 29. Qxf1 Rfe8 30. Raa1 Rxe3 31. Rxe3 Rxe3 32. Ra8 Qe8 33. Kf2 Re4 34.
Kg3 Qg6+ 0-1